| 000 | 00414nam a22001217a 4500 | ||
|---|---|---|---|
| 082 | _a200 THE | ||
| 100 |
_aMUHAMMAD SUMMAIR RAZA _969691 |
||
| 245 | _aTH-SOF-1509-FEATURE SELECTION USING ROUGH SET BASED HEURISTIC DEPENDENCY CALCULATION | ||
| 260 |
_aIslamabad _bNUST College of EME _c2018 |
||
| 650 |
_a PHD SOFTWARE ENGINEERING-2018 PHDTHESIS _969692 |
||
| 700 |
_aSupervisor Dr. Usman Qamar _969693 |
||
| 942 | _cCF | ||
| 999 |
_c576864 _d576864 |
||